000 00790cam a2200277 4500
001 J84041
008 090401t1997 xxu||||| |||| 00| 0 eng d
035 _a(Sirsi) u78429
041 _aeng
050 _a338.9
110 _aBritish Property Federation
_91604
245 _aSurvey of member attitudes to PFI.
260 _aLondon
_bBritish Property Federation
_c1997
300 _a9p. ; 30cm.
350 _a0
520 _aSurvey carried out for BPF by Price Waterhouse.
650 _aPROPERTY-COMMERCIAL PROPERTY
650 _aPFI
650 _aPRIVATE FINANCE INITIATIVE
650 _aPROPERTY DEVELOPERS
650 _aPROPERTY INVESTMENT
690 _aPROPERTY-PROPERTY FINANCE AND INVESTMENT
710 _aPrice Waterhouse
_91768
942 _n0
948 _c20/05/1997
999 _c96450
_d96450